| 000 | 00413nam a2200169Ia 4500 | ||
|---|---|---|---|
| 008 | 230711s9999||||xx |||||||||||||| ||und|| | ||
| 020 | _a978-81-8247-322-5 | ||
| 041 | _aENG | ||
| 082 |
_a720 _bDE-A |
||
| 100 | _aDingankar,Ashok | ||
| 245 | 0 | _aArchitecture and environment | |
| 250 | _a1st Ed. | ||
| 260 |
_c2012 _aChandigarh _bAbhishek Publications |
||
| 300 | _a110p. | ||
| 650 | _aArchitecture | ||
| 942 | _cBK | ||
| 999 |
_c5856 _d5856 |
||